MADE of light: the art of light and architecture (Record no. 66764)

MARC details
000 -LEADER
fixed length control field 00309nam a22001217a 4500
005 - DATE AND TIME OF LATEST TRANSACTION
control field 20251002125749.0
008 - FIXED-LENGTH DATA ELEMENTS--GENERAL INFORMATION
fixed length control field 251002b |||||||| |||| 00| 0 eng d
040 ## - CATALOGING SOURCE
Transcribing agency PK-LaNCA
082 ## - DEWEY DECIMAL CLASSIFICATION NUMBER
Classification number 721.04496
Item number MAD
245 ## - TITLE STATEMENT
Title MADE of light: the art of light and architecture
650 ## - SUBJECT ADDED ENTRY--TOPICAL TERM
Subject Architecture
942 ## - ADDED ENTRY ELEMENTS (KOHA)
Koha item type Book
999 ## -
-- 66764
-- 66764
Holdings
Withdrawn status Weedout from Library Permanent Location Current Location Date acquired Full call number Barcode Price effective from Koha item type
    NATIONAL COLLEGE OF ARTS, RAWALPINDI CAMPUS - LIBRARY NATIONAL COLLEGE OF ARTS, RAWALPINDI CAMPUS - LIBRARY 02/10/2025 MAD 721.04496 RP005712 RP005712 02/10/2025 Book